00660nam a2200229 a 4500001001300000003000900013005001700022008004100039020002300080082001600103100001900119245001900138260003700157300000900194500003500203650002400238700001900262902000800281942000700289952011700296999001700413nice12345678IN_TiNIC20260116014457.0070412s2006 newa grp 000 0 eng  a8124603626 c20000a181.4bSHA1 aSharma, Arvind aWorld as Image aNew Delhi bDk Printworld c2006 a110p aincludes index and biblioraphy aPhilosophy-Oriental1 aSharma, Arvind bSRS cBK 001040708StackRoom-aHMIbHMId2007-04-12g200.00l0o181.4 SHA1p021843r2007-04-12v200.00w2007-04-12yBK c15531d15531